000 00706nam a2200301 a 4500
003 AR-BaBNM
005 20251128203353.0
008 082120s2002 ||||||||||||||000 | spa||
040 _cAR-BaBNM
100 1 _aVirgilio Marón, Publio
245 0 0 _aLa eneida
250 _a2ª ed.
260 _aBuenos Aires
_bEspasa-Calpe
_c1951
300 _a274 p.
490 0 _aAustral
_vv. 1022
650 4 _aLITERATURA LATINA
650 4 _aMITOLOGIA
650 4 _aHISTORIA ANTIGUA
650 4 _aLEYENDAS
651 4 _aRoma
653 _aEPICA
653 _aALEJANDRINISMO
653 _aPOESIA EPICA
655 _aLITERATURA
700 1 _aOchoa, E. de
_etraductor
942 _cBK
998 _cMARTIN
999 _c3072
_d3072